Guess the Arabic speaking country flags - Statistics

General Stats
  • This quiz has been taken 36 times
  • The average score is 19 of 22
Answer Stats
Picture Answer % Correct
Jordan
95%
Bahrain
90%
Egypt
90%
Iraq
90%
Lebanon
90%
Morocco
90%
Oman
90%
Saudi Arabia
90%
Syria
90%
Yemen
90%
Algeria
85%
Kuwait
85%
Libya
85%
Qatar
85%
Sudan
85%
Tunisia
85%
United Arab Emirates
85%
Chad
80%
Somalia
75%
Comoros
70%
Djibouti
70%
Mauritania
70%
No matching quizzes found
Score Distribution
Percent of People with Each Score
Percentile by Number Answered
Your Score History
You have not taken this quiz